
Library Catalogue

| 000 -LEADER | |
|---|---|
| fixed length control field | 01950nam a22002417a 4500 |
| 005 - DATE AND TIME OF LATEST TRANSACTION | |
| control field | 20250912164810.0 |
| 008 - FIXED-LENGTH DATA ELEMENTS--GENERAL INFORMATION | |
| fixed length control field | 250912b |||||||| |||| 00| 0 eng d |
| 020 ## - INTERNATIONAL STANDARD BOOK NUMBER | |
| International Standard Book Number | 9781529203233 (Paperback) |
| 082 ## - DEWEY DECIMAL CLASSIFICATION NUMBER | |
| Classification number | 340.115 |
| 100 ## - MAIN ENTRY--PERSONAL NAME | |
| Personal name | Hiller, Tim |
| 245 ## - TITLE STATEMENT | |
| Title | Criminal Justice and the Pursuit of Truth / |
| Statement of responsibility, etc. | By Tim Hillier and Gavin Dingwall |
| 260 ## - PUBLICATION, DISTRIBUTION, ETC. | |
| Place of publication, distribution, etc. | Bristol |
| Name of publisher, distributor, etc. | Bristol University Press |
| Date of publication, distribution, etc. | 2023 |
| 300 ## - PHYSICAL DESCRIPTION | |
| Extent | ix, 231 pages |
| Dimensions | 23 cm. |
| 365 ## - TRADE PRICE | |
| Price amount | Rs. 3248.00 |
| 505 ## - FORMATTED CONTENTS NOTE | |
| Formatted contents note | The Criminal Process and the Pursuit of Truth - <br/>Allegations - <br/>Confessions - <br/>Witness Testimony - <br/>Truth and the Probity of Evidence-Gathering - <br/>Decisions and Narratives: Factfinding and Case Construction - <br/>Truth and the Criminal Trial: Competing Stories - <br/>Truth, Sentencing and Punishment - <br/>Restoration, Reconciliation and Reconceptualizing Justice - <br/>The Truth, the Whole Truth and Nothing but the Truth: The Truth of Who Is to Blame. <br/> |
| 520 ## - SUMMARY, ETC. | |
| Summary, etc. | Can the criminal justice system achieve justice based on its ability to determine the truth?<br/>Drawing on a variety of disciplinary and interdisciplinary perspectives, this book investigates the concept of truth – its complexities and nuances – and scrutinizes how well the criminal justice process facilitates truth-finding. From allegation to sentencing, the chapters take the reader on a journey through the criminal justice system, exposing the marginalization of truth-finding in favour of other jurisprudential or systemic values, such as expediency, procedural fairness and the presumption of innocence.<br/>This important work bridges the gap between what people expect from the criminal justice system and what it can legitimately deliver. |
| 650 ## - SUBJECT ADDED ENTRY--TOPICAL TERM | |
| Topical term or geographic name entry element | Criminal justice, Administration of—Philosophy |
| 650 ## - SUBJECT ADDED ENTRY--TOPICAL TERM | |
| Topical term or geographic name entry element | Justice—Philosophy |
| 650 ## - SUBJECT ADDED ENTRY--TOPICAL TERM | |
| Topical term or geographic name entry element | Criminal procedure—Evaluation |
| 650 ## - SUBJECT ADDED ENTRY--TOPICAL TERM | |
| Topical term or geographic name entry element | Criminal procedure—Evaluation |
| 700 ## - ADDED ENTRY--PERSONAL NAME | |
| Personal name | Gavin Dingwall [Author] |
| 942 ## - ADDED ENTRY ELEMENTS (KOHA) | |
| Source of classification or shelving scheme | Dewey Decimal Classification |
| Koha item type | BOOKs |
| Withdrawn status | Lost status | Source of classification or shelving scheme | Materials specified (bound volume or other part) | Damaged status | Not for loan | Home library | Current library | Shelving location | Date acquired | Source of acquisition | Cost, normal purchase price | Total Checkouts | Total Renewals | Full call number | Barcode | Date last seen | Date last checked out | Price effective from | Koha item type | Public note |
|---|---|---|---|---|---|---|---|---|---|---|---|---|---|---|---|---|---|---|---|---|
| Dewey Decimal Classification | PB | . | . | General Stacks | 12.09.2025 | Purchased - Feel Books | 3248.00 | 2 | 1 | 340.115 HIL | 40383 | 23.12.2025 | 04.12.2025 | 12.09.2025 | BOOKs | Recommended by Mr. Kunal Ambasta |